Instruments de musique - De A à Z - Statistiques

Statistiques générales
  • Ce quiz a été pris 149 fois
  • Le résultat moyen est 11 sur 26
Statistiques - réponses
Lettre Description Réponse % Correct
F Instrument à vent dont toute une génération de collégiens se souvient encore. Flûte
93%
A Instrument à vent que le musicien actionne à l'aide de ses bras, qui présente également des boutons. Accordéon
85%
C Instrument à vent au son et à la forme très reconnaissables, on en joue en insufflant dans un tube tout en compressant une poche d'air. On l'associe populairement à l'Écosse. Cornemuse
85%
H Petit instrument à vent que l'on peut transporter dans sa poche, présentant toute une rangée de trous dans lesquels l'instrumentiste doit souffler. Harmonica
81%
V Plus aigu qu'une contrebasse, plus grave qu'un violon, cet instrument se joue en en pinçant les cordes ou en les frottant à l'aide d'un archet. Il se tient à la verticale. Violoncelle
77%
O Instrument à vent très imposant, le son s'échappe de tubes métalliques de tailles variées. On en aperçoit souvent dans les lieux de culte. Orgue
74%
U Petit instrument hawaïen qui compte quatre cordes, il est utilisé dans beaucoup de styles pour créer un décalage ou apporter une touche d'exotisme. Ukulélé
73%
X Instrument à percussions présentant une ou deux rangées de lames de bois que l'on frappe à l'aide de petits maillets. Xylophone
73%
D Petit instrument de percussion africain en forme de calice sur lequel est tendue une peau de chèvre ou d'antilope. Djembé
65%
L Instrument à cordes, que l'on prend parfois pour une harpe, malgré une taille bien moins imposante. C'est l'instrument d'Orphée. Lyre
65%
M Instrument que l'on écoute pas comme les autres; celui-ci permet en revanche de donner un tempo à suivre afin de structurer une musique. Il émet un cliquetis régulier. Métronome
64%
T Instrument à vent très versatile, qui s'actionne généralement à l'aide d'une coulisse, bien qu'il en existe à pistons. On le retrouve dans la musique classique, le jazz ou la fanfare, en passant par la samba et la musique militaire. Trombone
59%
S Instrument à clavier de musique électronique qui permet de répliquer les sons d'instruments traditionnels, de jouer des effets sonores ou des enregistrements, voire de créer de toutes nouvelles sonorités. Synthétiseur
50%
P Flûte qui tient son nom, à consonnance italienne, de sa petite taille. Un célèbre vert combattant porte le même. Piccolo
49%
B Instrument à cordes russe à la caisse généralement triangulaire, qui compte trois cordes. Balalaïka
35%
E Instrument de percussion métallique, créé par détournement de l'outil essentiel du forgeron. Enclume
35%
G Petit instrument activé par vibration, et pour lequel le musicien utilise sa bouche comme caisse de résonance. Guimbarde
26%
K Tube de métal, de plastique, plus rudimentairement de bois, qui a un son distinct et que l'on associe souvent à l'enfance pour son côté ludique. Kazoo
19%
I Aussi appelé sumagoto, son nom signifie "cithare à une corde" en japonais. On en joue à plat. Ichigenkin
2%
N Flûte traversière en bambou, elle accompagne le théâtre nō au Japon, elle est la seule flûte au monde à ne pas avoir d'octaves justes. Nōkan
2%
W Invention de Richard Waters, cet instrument à friction est un réservoir rond fait d'acier auquel est relié un tube et où sont fixées des barres de bronze de différentes tailles. On peut plus ou moins imiter le chants des baleines en introduisant de l'eau dans le tube. Waterphone
2%
Y Instrument à corde de soie chinois, on en joue avec un archet. La caisse de résonnance est fabriquée à partir d'une noix de coco. Yehu
2%
J Semblable au piano, cet instrument sonne très puissamment, ce qui le distingue des autres instruments à percussions. Jeu de timbres
1%
Q Signifie "mâchoire" en espagnol. Cet instrument d'Amérique du sud et centrale se joue en faisant glisser sur les dents d'une mâchoire de cheval, d'âne ou de mule une baguette, ou en la frappant pour que les dents s'entrechoquent. Quijada
1%
R Accordéon de la musique traditionnelle réunionnaise, réputé pour être épuisant à jouer. Ralé-poussé
1%
Z Instrument à vent à 8 trous que l'on retrouve dans les pays à domination musulmane, dont la taille et la façon d'en jouer diffère selon les pays. Un style musical algérien porte le même nom. Zourna
1%
Aucun quiz correspondant
Distribution des résultats
% des personnes avec chaque résultat
Percentile par nombre de réponses
Votre historique - résultats
Vous n’avez pas pris ce quiz